| 000 | 01411nam a2200409 i 4500 | ||
|---|---|---|---|
| 001 | 9923 | ||
| 003 | KOSZ 005 | ||
| 005 | 20221121132246.0 | ||
| 008 | 000417s1978 pl a f f |001 0 pol | ||
| 015 | _aPB 1979/1094 | ||
| 040 |
_aWA N _cWA N _dKOSZ 005/HR |
||
| 041 | 0 | _apol | |
| 046 | _k1978 | ||
| 080 | _a537.8 | ||
| 080 | _a(075.8) | ||
| 100 | 1 |
_aMorawski, Tadeusz _d(1940- ) _eAutor |
|
| 245 | 1 | 0 |
_aTeoria pola elektromagnetycznego / _cTadeusz Morawski, Wojciech Gwarek. |
| 260 |
_aWarszawa : _bWydawnictwa Naukowo-Techniczne, _c1978. |
||
| 300 |
_a263, [1] s. : _bil., 1 tab., wykr. ; _c24 cm. |
||
| 336 |
_2rdacontent _aTekst _btxt |
||
| 337 |
_2rdamedia _aBez urządzenia pośredniczącego _bn |
||
| 338 |
_2rdacarrier _aWolumin _bnc |
||
| 380 | _aKsiążki | ||
| 388 | _a1901-2000 | ||
| 388 | _a1945-1989 | ||
| 490 | 1 | _aPodręczniki Akademickie. Elektronika, Informatyka, Telekomunikacja. | |
| 504 | _aBibliogr. s. 258-259. - Indeks. | ||
| 650 | 4 | _aPole elektromagnetyczne | |
| 650 | 4 | _aTeoria | |
| 655 | 4 | _aPodręczniki akademickie | |
| 658 | _aFizyka i astronomia | ||
| 700 | 1 |
_aGwarek, Wojciech _eAutor |
|
| 710 | 2 |
_aWydawnictwa Naukowo-Techniczne _4pbl. |
|
| 830 | 0 |
_aPodręczniki Akademickie _pEIT |
|
| 856 |
_uhttp://koha.tu.koszalin.pl/cgi-bin/koha/opac-detail.pl?biblionumber=9923 _yKatalog online BPK |
||
| 942 |
_2UKD _cKS |
||
| 999 |
_c9923 _d9923 |
||